Семантико-прагматичні особливості англомовних загадок (Запис № 285407)

МАРК-запис
000 -LEADER
fixed length control field 01359nam a22001577a 4500
041 ## - LANGUAGE CODE
Language code of text/sound track or separate title ukr
080 ## - UNIVERSAL DECIMAL CLASSIFICATION NUMBER
Universal Decimal Classification number 09
090 ## - LOCALLY ASSIGNED LC-TYPE CALL NUMBER (OCLC); LOCAL CALL NUMBER (OCLC)
Local cutter number (OCLC) ; Book number/undivided call number, CALL (RLIN) ГРИ
100 ## - MAIN ENTRY--PERSONAL NAME
Personal name Грибінчик, К. О.
245 ## - TITLE STATEMENT
Title Семантико-прагматичні особливості англомовних загадок
260 ## - PUBLICATION, DISTRIBUTION, ETC. (IMPRINT)
Place of publication, distribution, etc Острог
Name of publisher, distributor, etc КАФ
Date of publication, distribution, etc 2014
300 ## - PHYSICAL DESCRIPTION
Extent 87
520 ## - SUMMARY, ETC.
Summary, etc Вступ.<br/>Розділ І. Особливості семантичного та прагматичного аспектів аналізу англомовних загадок.<br/>1.1. Структура та семантичні особливості англомовних загадок<br/>1.2. Прагматичний аспект аналізу англомовних загадок<br/>Розділ ІІ. Семантичний та прагматичний аналіз англомовних загадок.<br/>2.1. Використання семантичного аспекту для аналізу англомовних загадок<br/>2.2. Використання прагматичного підходу до дослідження англомовних загадок<br/>Висновки.<br/>Список використаної літератури.<br/>Додатки
-- семантичний аналіз, прагматичний аналіз
650 ## - SUBJECT ADDED ENTRY--TOPICAL TERM
Topical term or geographic name as entry element Research Papers
942 ## - ADDED ENTRY ELEMENTS (KOHA)
Koha item type Книги
Фонди
Withdrawn status Lost status Source of classification or shelving scheme Damaged status Not for loan Home library Current library Date acquired Source of acquisition Cost, normal purchase price Total Checkouts Full call number Barcode Date last seen Price effective from Koha item type
    Universal Decimal Classification     ВІЛ - Відділ іноземн. літератури НБ ВІЛ - Відділ іноземн. літератури НБ 17/06/2014 Акт №8 1.00   09 215488 09/11/2021 17/06/2014 Книги